Chittor, Udaipur evam Aklingji kshetra me uplabdh brahman dharm ki murtion dwara sanskriti ka adhyayan (Record no. 11551)

MARC details
000 -LEADER
fixed length control field 00747nam a2200205Ia 4500
082 ## - DEWEY DECIMAL CLASSIFICATION NUMBER
Classification number TS.0708
100 ## - MAIN ENTRY--AUTHOR NAME
Personal name Sharma, Babu Lal
245 #0 - TITLE STATEMENT
Title Chittor, Udaipur evam Aklingji kshetra me uplabdh brahman dharm ki murtion dwara sanskriti ka adhyayan
260 ## - PUBLICATION, DISTRIBUTION, ETC. (IMPRINT)
Year of publication 1976
Name of publisher Vikram University
300 ## - PHYSICAL DESCRIPTION
Number of Pages 252p. + C D - 56
650 ## - SUBJECT ADDED ENTRY--TOPICAL TERM
Topical Term INDIA - CIVILIZATION///RAJASTHAN - CIVILIZATION
650 ## - SUBJECT ADDED ENTRY--TOPICAL TERM
Topical Term RAJASTHAN - HISTORY - SOURCES
650 ## - SUBJECT ADDED ENTRY--TOPICAL TERM
Topical Term IDOLS AND IMAGES - RAJASTHAN - UDAIPUR
650 ## - SUBJECT ADDED ENTRY--TOPICAL TERM
Topical Term IDOLS AND IMAGES - RAJASTHAN - CHITTOR
650 ## - SUBJECT ADDED ENTRY--TOPICAL TERM
Topical Term RAJASTHAN - CIVILIZATION
650 ## - SUBJECT ADDED ENTRY--TOPICAL TERM
Topical Term IDOLS AND IMAGES - RAJASTHAN - AKLINGJI
650 ## - SUBJECT ADDED ENTRY--TOPICAL TERM
Topical Term INDIA - HISTORY - SOURCES///RAJASTHAN - HISTORY - SOURCES
710 ## - ADDED ENTRY--CORPORATE NAME
Corporate name or jurisdiction name as entry element Lunia, B.N.
942 ## - ADDED ENTRY ELEMENTS (KOHA)
Koha item type Thesis
Source of classification or shelving scheme Dewey Decimal Classification
Holdings
Withdrawn status Lost status Damaged status Not for loan Home library Current library Date acquired Full call number Accession Number Price effective from Koha item type
        NASSDOC Library NASSDOC Library 08/10/2004 TS.0708 10347 18/04/2019 Thesis